Los pensadores
Bewaard in:
| Hoofdauteur: | |
|---|---|
| Formaat: | Boek |
| Taal: | Spaans |
| Gepubliceerd in: |
Barcelona, España
Crítica
1999
|
| Reeks: | Serie Mayor
|
| Onderwerpen: | |
| Tags: |
Voeg label toe
Geen labels, Wees de eerste die dit record labelt!
|
MARC
| LEADER | 00000nam a2200000 a 4500 | ||
|---|---|---|---|
| 001 | UCL4876 | ||
| 003 | CL-VaPUC | ||
| 005 | 20220714074352.0 | ||
| 008 | 040227e19990000SP |||||||||||||||||spa|d | ||
| 999 | |c 307632 |d 307630 | ||
| 020 | |a 8484320103 | ||
| 040 | |c Pontificia Universidad Católica de Valparaíso | ||
| 082 | 0 | 4 | |a 109 BOO 1999 |2 21 |
| 100 | |a Boorstin, Daniel J |9 484883 | ||
| 245 | 1 | 4 | |a Los pensadores |
| 260 | 0 | 3 | |a Barcelona, España |b Crítica |c 1999 |
| 300 | |a 337 páginas | ||
| 490 | 0 | |a Serie Mayor | |
| 583 | |a last modification |c 20040227 00:00:00 |k Rodrigo Vera | ||
| 650 | 0 | |a Filósofos |9 269126 | |
| 650 | 0 | |a Escuelas filosóficas |9 266232 | |
| 650 | 0 | |a Historia de la filosofía |9 256920 | |
| 942 | |c BK |2 ddc | ||
| 945 | |d 20040227 00:00:00 |a cmena | ||
| 952 | |0 0 |1 0 |2 ddc |4 0 |6 109_000000000000000_BOO_1999 |7 0 |8 A |9 373676 |a BIBHIS |b BIBHIS |d 2019-11-21 |i 3986314 |o 109 BOO 1999 |p 3986314 |r 2025-01-20 |t 1 |w 2019-11-21 |y BK |k HIS | ||